[Event "Forni di Sopra Dolomiti 2018"]
[Site "Forni di Sopra"]
[Date "2018.06.11"]
[Round "3.9"]
[White "Di Benedetto, Desiree"]
[Black "Loiacono, Antonio"]
[Result "0-1"]
[WhiteElo "2293"]
[BlackElo "2197"]
[Annotator "TA"]
[PlyCount "69"]
[EventDate "2018.??.??"]
[EventType "swiss"]
[EventCountry "ITA"]
[SourceTitle "playchess.com"]
[Source "ChessBase"]
[SourceQuality "1"]

{[%evp 15,69,63,81,67,58,44,69,67,75,79,98,85,94,67,91,90,104,56,62,49,45,-8,66,74,83,69,222,157,206,198,183,169,242,207,281,-152,-166,-158,-166,-407,-397,-477,-491,-484,-487,-1137,-1132,-1109,-1089,-1166,-690,-12837,-12837,-29993,-29994,-29994]} 1. d4 Nf6 2. c4 c5 3. d5 b5 4. cxb5 a6 5. e3 Bb7 6. Nc3 e6 7. e4 axb5 {A57: Benko/Volga Gambit} (7... g6 8. a4 Bg7 9. Bf4 O-O 10. Nf3 exd5 11. e5 Ne4 12. Nxd5 Qa5+ 13. b4 cxb4 14. Bc4 b3+ 15. Kf1 {0-1 (23) Ivanchuk,V (2726)-Christiansen,J (2495) Riadh 2017}) 8. Bxb5 Qa5 {LiveBook: 13 Games} 9. dxe6 fxe6 {White is slightly better.} 10. f3 Be7 11. Nge2 O-O 12. O-O Nc6 $146 ({Predecessor:} 12... d5 13. exd5 exd5 {1-0 (33) Kudriavtsev,V-Lykov,V (2217) Russia 2007}) 13. a4 Rfd8 14. Bf4 d5 15. exd5 exd5 16. b3 Kh8 17. Qb1 Nb4 18. Ng3 ({White should play} 18. Na2 $14) 18... d4 (18... c4 $1 $11) 19. Nce4 $14 Nxe4 20. fxe4 Rf8 $2 ({Black should try} 20... Qb6 $14) 21. Be5 {[#] And now Nh5 would win.} Nc6 22. Bxc6 $1 Bxc6 23. Nh5 Kg8 (23... Rg8 $142) 24. Nxg7 $18 {Black must now prevent Nf5.} Qc3 25. Nh5 $2 {[#]} ({Only move:} 25. Nf5 $18 Rxf5 26. Rxf5 Qe3+ 27. Kh1 Bxe4 28. Qf1) 25... Qe3+ $17 26. Kh1 Qg5 $40 {[%mdl 128] Black attacks with force.} ({Much less strong is} 26... Bxe4 27. Qe1 $11) ({But not} 26... Qxe4 $6 27. Qxe4 Bxe4 28. Rfe1 $11) 27. Qd3 $2 (27. Bxd4 cxd4 28. Qd3 Qxh5 29. Qc4+ Bd5 30. Rxf8+ Bxf8 31. Qxd5+ Qxd5 32. exd5) 27... Qxe5 $19 28. Qc4+ Kh8 29. Ng3 Bd6 30. Rf7 (30. Qc2 $142) 30... Rxf7 31. Qxf7 Rf8 32. Qc4 Qe7 33. a5 Bxg3 34. hxg3 Qxe4 {[%csl Gc6][%cal Re4g2]} 35. Ra2 {Precision: White = 45%, Black = 46%.} 0-1

[Event "Forni di Sopra Dolomiti 2018"]
[Site "Forni di Sopra"]
[Date "2018.06.11"]
[Round "3.10"]
[White "Garofalo, Simone"]
[Black "Terao, Juliana Sayumi"]
[Result "0-1"]
[WhiteElo "2110"]
[BlackElo "2292"]
[Annotator "RC"]
[PlyCount "72"]
[EventDate "2018.??.??"]
[EventType "swiss"]
[EventCountry "ITA"]
[SourceTitle "playchess.com"]
[Source "ChessBase"]
[SourceQuality "1"]
[TimeControl "40/5400+30:1800+30"]

1. e4 {[%emt 0:01:30]} c5 {[%emt 0:01:00]} 2. Nf3 {[%emt 0:00:30]} e6 {[%emt 0:00:00]} 3. d4 {[%emt 0:00:30]} cxd4 {[%emt 0:00:00]} 4. Nxd4 {[%emt 0:00:00]} a6 {[%emt 0:00:00]} 5. Bd3 {[%emt 0:01:00]} Bc5 {[%emt 0:01:00]} 6. Nb3 {[%emt 0:00:00]} Be7 {[%emt 0:00:00]} 7. O-O {[%emt 0:00:00]} d6 {[%emt 0:01:00]} 8. Qe2 {[%emt 0:01:30]} Qc7 {[%emt 0:01:30]} 9. c4 {[%emt 0:01:30]} Nf6 {[%emt 0:00:30]} 10. Nc3 {[%emt 0:00:00]} Nbd7 {[%emt 0:00:30]} 11. f4 {[%emt 0:01:00]} h5 {[%emt 0:04:30]} 12. Bd2 {[%emt 0:07:30]} b6 {[%emt 0:14:30]} 13. Rae1 {[%emt 0:03:30]} Bb7 {[%emt 0:00:30]} 14. Nd4 {[%emt 0:05:30]} g6 {[%emt 0:06:30]} 15. b4 {[%emt 0:04:30]} Rg8 {[%emt 0:24:30]} 16. Nf3 {[%emt 0:09:30]} Rc8 {[%emt 0:07:30]} 17. a3 {[%emt 0:08:30]} Qb8 {[%emt 0:05:30]} 18. Nd5 {[%emt 0:05:30]} Bd8 {[%emt 0:00:00]} 19. Nc3 {[%emt 0:06:30]} Bc7 {[%emt 0:09:00]} 20. Kh1 {[%emt 0:07:30]} Bd8 {[%emt 0:00:30]} 21. Ng5 {[%emt 0:03:30]} Ng4 {[%emt 0:02:30]} 22. Nf3 {[%emt 0:03:30]} Be7 {[%emt 0:00:47]} 23. h3 {[%emt 0:02:30]} Ngf6 {[%emt 0:00:17]} 24. Qf2 {[%emt 0:05:30]} Bd8 {[%emt 0:10:57]} 25. Qe2 {[%emt 0:02:35]} h4 {[%emt 0:04:02]} 26. Qf2 {[%emt 0:03:03]} Rh8 {[%emt 0:00:19]} 27. Kg1 {[%emt 0:06:02]} b5 {[%emt 0:02:15]} 28. f5 {[%emt 0:04:47]} bxc4 {[%emt 0:00:22]} 29. fxe6 {[%emt 0:00:51]} fxe6 {[%emt 0:01:45]} 30. e5 {[%emt 0:01:46]} cxd3 {[%emt 0:00:07]} 31. exf6 {[%emt 0:00:11]} e5 {[%emt 0:00:32]} 32. f7+ {[%emt 0:01:37]} Kf8 {[%emt 0:00:04]} 33. Ne4 {[%emt 0:00:13]} Bb6 {[%emt 0:00:25]} 34. Be3 {[%emt 0:00:40]} Bxe4 {[%emt 0:00:32]} 35. Bxb6 {[%emt 0:01:21]} Bxf3 {[%emt 0:01:12]} 36. Be3 {[%emt 0:00:52]} Be2 {[%emt 0:00:32]} 0-1

[Event "Forni di Sopra Dolomiti 2018"]
[Site "Forni di Sopra"]
[Date "2018.06.11"]
[Round "3.11"]
[White "Calzetta Ruiz, Monica"]
[Black "Valenti, Giuseppe"]
[Result "1-0"]
[WhiteElo "2289"]
[BlackElo "2087"]
[Annotator "TA"]
[PlyCount "43"]
[EventDate "2018.??.??"]
[EventType "swiss"]
[EventCountry "ITA"]
[SourceTitle "playchess.com"]
[Source "ChessBase"]
[SourceQuality "1"]

{[%evp 14,43,38,24,22,14,18,10,25,13,22,22,31,22,51,40,40,33,88,86,140,136,215,231,227,138,154,163,174,195,1041,1028]} 1. e4 c5 2. Nf3 e6 3. d4 cxd4 4. Nxd4 a6 5. Nc3 Qc7 6. Bd3 d6 7. O-O Nf6 8. a4 Be7 {B43: Sicilian: Kan Variation: 5 Nc3} (8... b6 9. Re1 Be7 10. Qf3 Nbd7 11. Qg3 Ne5 12. f4 Nxd3 13. cxd3 O-O 14. Be3 Bb7 15. f5 e5 16. Nf3 {1-0 (71) Radjabov,T (2742)-Artemiev,V (2692) Tbilisi 2017}) 9. Kh1 Bd7 10. f4 Nc6 {The position is equal.} 11. Be3 $146 ({Predecessor:} 11. Nf3 h5 12. Ng5 Ng4 13. Nf3 O-O-O 14. Qe2 Nb4 15. Bd2 Nxd3 16. cxd3 {1-0 (47) Zair,A (2328)-Castaner Harster,X (2172) Barcelona 2001}) 11... Rc8 12. Qf3 h5 13. Rae1 Ng4 14. Bg1 Bh4 15. Re2 Bf6 {[#]} (15... Kf8 $14) 16. Nxc6 $1 $16 bxc6 (16... Qxc6 $142 17. e5 dxe5) 17. Bxa6 Rb8 (17... Ra8 $16 {was called for.}) 18. e5 $1 $18 {[%cal Re5f6]} dxe5 19. Ne4 {Bc5 is the strong threat.} Be7 20. fxe5 Nxe5 21. Qg3 {[#] Hoping for Bd4.} Kf8 $2 (21... O-O 22. Nc5 (22. Bd4 f6 $16) 22... f6) 22. Bd4 {Precision: White = 71%, Black = 33%.} 1-0

[Event "Forni di Sopra Dolomiti 2018"]
[Site "Forni di Sopra"]
[Date "2018.06.11"]
[Round "3.12"]
[White "Dobboletta, Alex"]
[Black "Di Benedetto, Edoardo"]
[Result "1/2-1/2"]
[WhiteElo "2105"]
[BlackElo "2288"]
[Annotator "RC"]
[PlyCount "163"]
[EventDate "2018.??.??"]
[EventType "swiss"]
[EventCountry "ITA"]
[SourceTitle "playchess.com"]
[Source "ChessBase"]
[SourceQuality "1"]
[TimeControl "40/5400+30:1800+30"]

1. c4 {[%emt 0:00:30]} e6 {[%emt 0:01:00]} 2. Nf3 {[%emt 0:00:00]} d5 {[%emt 0:00:00]} 3. d4 {[%emt 0:00:00]} Nf6 {[%emt 0:00:00]} 4. g3 {[%emt 0:00:30]} dxc4 {[%emt 0:00:00]} 5. Bg2 {[%emt 0:00:30]} c5 {[%emt 0:00:00]} 6. O-O {[%emt 0:01:30]} Nc6 {[%emt 0:00:30]} 7. dxc5 {[%emt 0:00:30]} Qxd1 {[%emt 0:00:00]} 8. Rxd1 {[%emt 0:00:30]} Bxc5 {[%emt 0:00:00]} 9. Nbd2 {[%emt 0:00:30]} c3 {[%emt 0:00:30]} 10. bxc3 {[%emt 0:00:00]} O-O {[%emt 0:00:30]} 11. Nb3 {[%emt 0:02:00]} Be7 {[%emt 0:00:30]} 12. c4 {[%emt 0:01:30]} Bd7 {[%emt 0:08:30]} 13. Bb2 {[%emt 0:04:30]} Rfd8 {[%emt 0:00:30]} 14. Ne5 {[%emt 0:03:30]} Rac8 {[%emt 0:11:30]} 15. Nxd7 {[%emt 0:09:30]} Nxd7 {[%emt 0:02:30]} 16. Rac1 {[%emt 0:04:30]} Ndb8 {[%emt 0:29:30]} 17. Kf1 {[%emt 0:13:30]} Rxd1+ {[%emt 0:04:30]} 18. Rxd1 {[%emt 0:00:30]} Rd8 {[%emt 0:01:30]} 19. Rxd8+ {[%emt 0:04:30]} Bxd8 {[%emt 0:04:30]} 20. e3 {[%emt 0:04:30]} b6 {[%emt 0:09:30]} 21. Ke2 {[%emt 0:05:30]} Bf6 {[%emt 0:02:30]} 22. Bxf6 {[%emt 0:03:30]} gxf6 {[%emt 0:00:30]} 23. c5 {[%emt 0:00:30]} bxc5 {[%emt 0:01:30]} 24. Nxc5 {[%emt 0:00:30]} Kf8 {[%emt 0:01:30]} 25. Nd7+ {[%emt 0:07:30]} Ke7 {[%emt 0:01:30]} 26. Nxb8 {[%emt 0:04:30]} Nxb8 {[%emt 0:00:30]} 27. Kd3 {[%emt 0:00:30]} Kd6 {[%emt 0:00:30]} 28. Kc4 {[%emt 0:00:30]} Nd7 {[%emt 0:00:30]} 29. f4 {[%emt 0:06:30]} Nb6+ {[%emt 0:06:27]} 30. Kd4 {[%emt 0:06:13]} e5+ {[%emt 0:06:24]} 31. Ke4 {[%emt 0:01:11]} Nd5 {[%emt 0:01:02]} 32. a3 {[%emt 0:00:10]} Nb6 {[%emt 0:06:01]} 33. Kf5 {[%emt 0:05:48]} exf4 {[%emt 0:00:30]} 34. exf4 {[%emt 0:01:03]} Ke7 {[%emt 0:00:16]} 35. Bf1 {[%emt 0:02:00]} Nd7 {[%emt 0:01:01]} 36. Ke4 {[%emt 0:01:13]} Nb6 {[%emt 0:01:24]} 37. Kd4 {[%emt 0:03:20]} Kd6 {[%emt 0:00:15]} 38. Be2 {[%emt 0:00:13]} Na8 {[%emt 0:00:50]} 39. Bc4 {[%emt 0:04:06]} Nc7 {[%emt 0:00:03]} 40. f5 {[%emt 0:00:00]} Kc6 {[%emt 0:01:47]} 41. a4 {[%emt 0:01:43]} Kd6 {[%emt 0:02:30]} 42. g4 {[%emt 0:05:30]} Na8 {[%emt 0:00:30]} 43. Bxf7 {[%emt 0:13:41]} Nb6 {[%emt 0:06:30]} 44. Be8 {[%emt 0:00:30]} Nd5 {[%emt 0:01:30]} 45. Bb5 {[%emt 0:00:30]} h6 {[%emt 0:00:30]} 46. Be2 {[%emt 0:00:30]} Nb6 {[%emt 0:00:30]} 47. Bd1 {[%emt 0:00:30]} Nd7 {[%emt 0:02:52]} 48. Kc4 {[%emt 0:01:53]} Nc5 {[%emt 0:04:13]} 49. a5 {[%emt 0:03:56]} Na6 {[%emt 0:00:41]} 50. Bf3 {[%emt 0:01:02]} Nc7 {[%emt 0:00:02]} 51. Bb7 {[%emt 0:02:29]} Ne8 {[%emt 0:00:09]} 52. Kd4 {[%emt 0:01:52]} Nc7 {[%emt 0:00:16]} 53. Kc4 {[%emt 0:01:51]} Ne8 {[%emt 0:00:06]} 54. h3 {[%emt 0:00:38]} Nc7 {[%emt 0:00:07]} 55. h4 {[%emt 0:00:35]} Ne8 {[%emt 0:00:53]} 56. Kd4 {[%emt 0:00:13]} Nc7 {[%emt 0:00:09]} 57. Ke4 {[%emt 0:00:26]} Nb5 {[%emt 0:03:15]} 58. Kf4 {[%emt 0:00:21]} Nc7 {[%emt 0:01:39]} 59. g5 {[%emt 0:00:22]} hxg5+ {[%emt 0:00:10]} 60. hxg5 {[%emt 0:00:04]} Ne8 {[%emt 0:00:08]} 61. g6 {[%emt 0:02:37]} Ng7 {[%emt 0:00:06]} 62. Ke4 {[%emt 0:00:26]} Kc5 {[%emt 0:00:04]} 63. Bc8 {[%emt 0:01:14]} Nh5 {[%emt 0:00:09]} 64. Kd3 {[%emt 0:00:38]} Ng7 {[%emt 0:00:08]} 65. a6 {[%emt 0:00:36]} Nh5 {[%emt 0:00:07]} 66. Ke4 {[%emt 0:00:19]} Ng7 {[%emt 0:00:05]} 67. Be6 {[%emt 0:00:34]} Nh5 {[%emt 0:00:06]} 68. Ba2 {[%emt 0:00:36]} Ng7 {[%emt 0:00:15]} 69. Bb3 {[%emt 0:00:02]} Nh5 {[%emt 0:00:15]} 70. Ba2 {[%emt 0:00:03]} Ng7 {[%emt 0:00:03]} 71. Bg8 {[%emt 0:00:07]} Nh5 {[%emt 0:00:13]} 72. Be6 {[%emt 0:01:46]} Ng7 {[%emt 0:00:08]} 73. Kf4 {[%emt 0:00:43]} Nh5+ {[%emt 0:00:13]} 74. Kg4 {[%emt 0:00:00]} Ng7 {[%emt 0:00:02]} 75. Bc8 {[%emt 0:00:20]} Kd4 {[%emt 0:00:06]} 76. Kf3 {[%emt 0:00:45]} Kc5 {[%emt 0:00:15]} 77. Ke3 {[%emt 0:00:09]} Nh5 {[%emt 0:00:05]} 78. Kd3 {[%emt 0:00:01]} Ng7 {[%emt 0:00:09]} 79. Kc3 {[%emt 0:00:03]} Nh5 {[%emt 0:00:21]} 80. Kb3 {[%emt 0:01:04]} Ng7 {[%emt 0:00:30]} 81. Ka4 {[%emt 0:00:10]} Nh5 {[%emt 0:00:00]} 82. Be6 {[%emt 0:00:55]} 1/2-1/2